Quiz o miliardzie - Statystyki

Ogólne statystyki
  • Ten quiz został rozwiązany 2 791 razy
  • Średni wynik to 7 z 14
Statystyki odpowiedzi
Wskazówka Odpowiedź % Poprawnych
Wspaniała strona z quizami, która w 2024 przebiła miliard rozwiązanych quizów JetPunk
98%
Państwa o populacji co najmniej miliarda osób Indie
97%
Państwa o populacji co najmniej miliarda osób Chiny
96%
Część ciała zawierająca średnio 86 miliardów neuronów Mózg
74%
Według naukowców, stało się to około 13,8 miliarda lat temu Wielki Wybuch
71%
Przebywa miliard kilometrów w około 55 minut Światło
64%
Miliard razy miliard (słownie) Trylion
49%
Jedyne do tej pory państwo, które wypuściło banknot o wartości miliarda dolarów Zimbabwe
40%
Do 30. roku życia stanie się to miliard razy w ciągu całego twojego życia, mniej, jeśli jesteś sportowcem o wysokiej kondycji Bicie serca
35%
Prefiks oznaczający jedną miliardową jakiejś jednostki Nano
30%
Prefiks oznaczający miliard jakiejś jednostki Giga
29%
Rodzaj gwiazdy, którą stanie się Słońce w ciągu 5 miliardów lat i wchłonie w siebie Ziemię Czerwony olbrzym
20%
Najliczniejszy ptak na świecie o populacji około 26 miliarda Kura
18%
Najbogatszy człowiek w Polsce, którego majątek oszacowano na około 23 miliardy złotych Tomasz Biernacki
13%
Nie znaleziono quizów pasujących do podanych kryteriów
Rozkład punktacji
Procent ludzi z każdym wynikiem
Percentyl według liczby udzielonych odpowiedzi
Twoja historia wyników
Nie rozwiązałeś tego quizu